• 首页
  • 本馆介绍
  • 公告通知
  • 最新文献
  • 馆藏检索
  • 电子资源
  • 读者导购
  • 参考咨询
  • 我的图书馆
  • 登录
  • 详细信息显示
  • 放入我的书架
  • 预约/预借图书
  • 作者相关作品
  • 分类相关作品
  • 丛书相关作品
  • 出版社相关作品

书目信息

  • 表格格式
  • 工作单格式
  • 卡片格式
题名:
中国手工艺文化
    
 
作者: 呼志强 编著
分册:  
出版信息: 北京   时事出版社  2007
页数: 387页
开本: 23cm
丛书名: 经典文化系列
单 册:
中图分类: J509.2
科图分类:
主题词: 手工艺--shou gong yi--工艺美术史--中国
电子资源:
ISBN: 978-7-80232-701-6
000 00896nam 2200265 450
001 CAL 010060051200
005 20181203155428.14
010    @a978-7-80232-701-6@dCNY 38.00
010    @a978-7-80232-033-8@dCNY38.00@z7-80232-033-X
100    @a20070226d2007 em y0chiy50 ea
101 0  @achi
102    @aCN@b110000
105    @aa z 000yy
200 1  @a中国手工艺文化@Azhong guo shou gong yi wen hua@f呼志强编著
210    @a北京@c时事出版社@d2007
215    @a387页@c图@d23cm
225 2  @a经典文化系列@Ajing dian wen hua xi lie
330    @a本书详细讲解了100多种手工艺的历史渊源和制作过程等多方面内容, 图文并茂、涵盖广泛、知识性强。
410  0 @12001 @a经典文化系列
606 0  @a手工艺@Ashou gong yi@x工艺美术史@y中国
690    @aJ509.2@v4
701  0 @a呼志强@Ahu zhi qiang@4编著
801  0 @aCN@bRENTIAN@c20070226
905    @aBZT@dJ509.2@e2
906    @dCNY800.00 (20册)@n3@r1
    
    中国手工艺文化/呼志强编著.-北京:时事出版社,2007
    387页:图;23cm.-(经典文化系列)
    
    
    ISBN 978-7-80232-701-6:CNY 38.00
    本书详细讲解了100多种手工艺的历史渊源和制作过程等多方面内容, 图文并茂、涵盖广泛、知识性强。
●
相关链接 在五车中查询图书 在当当中查询图书 在豆瓣中查询图书


正题名:中国手工艺文化     索取号:J509.2/2         预约/预借

序号 登录号 条形码 馆藏地/架位号 状态 备注
1 851481   2000851481   第二书库/ [索取号:J509.2/2] 在馆    
2 851482   2000851482   第二书库/ [索取号:J509.2/2] 在馆    
3 851483   2000851483   第二书库/ [索取号:J509.2/2] 在馆    
山东省滨州职业学院图书馆 欢迎您!
大连网信软件有限公司© 版权所有